The principles of state and government in Islam / (Record no. 32380)

000 -LEADER
fixed length control field 00627nam a2200193 4500
008 - FIXED-LENGTH DATA ELEMENTS--GENERAL INFORMATION
fixed length control field 260323b |||||||| |||| 00| 0 eng d
020 ## - INTERNATIONAL STANDARD BOOK NUMBER
International Standard Book Number 9780520313460
020 ## - INTERNATIONAL STANDARD BOOK NUMBER
International Standard Book Number 0520313461
024 ## - OTHER STANDARD IDENTIFIER
Standard number or code 1476592312
040 ## - CATALOGING SOURCE
Original cataloging agency MksU
050 ## - LIBRARY OF CONGRESS CALL NUMBER
Classification number JC49
Item number .A8 1961
100 ## - MAIN ENTRY--PERSONAL NAME
Personal name Asad, Muhammad,
245 ## - TITLE STATEMENT
Title The principles of state and government in Islam /
Statement of responsibility, etc. Muhammad Asad.
260 ## - PUBLICATION, DISTRIBUTION, ETC. (IMPRINT)
Place of publication, distribution, etc. Los Angeles :
Name of publisher, distributor, etc. University of California Press,
Date of publication, distribution, etc. c1961.
300 ## - PHYSICAL DESCRIPTION
Extent xiii, 107 pages ;
Dimensions 23 cm
650 ## - SUBJECT ADDED ENTRY--TOPICAL TERM
Topical term or geographic name as entry element Constitutional law (Islamic law)
650 ## - SUBJECT ADDED ENTRY--TOPICAL TERM
Topical term or geographic name as entry element Constitutional law
Geographic subdivision Pakistan
942 ## - ADDED ENTRY ELEMENTS (KOHA)
Source of classification or shelving scheme
Classification part JC49 .A8 1961
Koha item type Hard Covered Materials
Holdings
Withdrawn status Lost status Source of classification or shelving scheme Damaged status Not for loan Home library Current library Shelving location Date acquired Source of acquisition Cost, normal purchase price Total Checkouts Full call number Barcode Date last seen Price effective from Koha item type
          MACHAKOS UNIVERSITY LIBRARY MACHAKOS UNIVERSITY LIBRARY Open shelf 16/10/2015 Donation- Falcon 1585.00   JC49 .A8 1961 40328 10/06/2026 24/03/2026 Hard Covered Materials
          MACHAKOS UNIVERSITY LIBRARY MACHAKOS UNIVERSITY LIBRARY Open shelf 16/10/2015 Donation- Falcon 1585.00   JC49 .A8 1961 40329 10/06/2026 24/03/2026 Hard Covered Materials
          MACHAKOS UNIVERSITY LIBRARY MACHAKOS UNIVERSITY LIBRARY Open shelf 16/10/2015 Donation- Falcon 1585.00   JC49 .A8 1961 40330 10/06/2026 24/03/2026 Hard Covered Materials
          MACHAKOS UNIVERSITY LIBRARY MACHAKOS UNIVERSITY LIBRARY Open shelf 16/10/2015 Donation- Falcon 1585.00   JC49 .A8 1961 40331 10/06/2026 24/03/2026 Hard Covered Materials
          MACHAKOS UNIVERSITY LIBRARY MACHAKOS UNIVERSITY LIBRARY Open shelf 16/10/2015 Donation- Falcon 1585.00   JC49 .A8 1961 40332 10/06/2026 24/03/2026 Hard Covered Materials
© Machakos University Library, Along The Highway, Machakos Wote Rd, Machakos, Kenya P.O. Box 136 - 90100 Machakos - Kenya

Tel: ( +254 ) 723 805829 OR Fax : 044-20353 OR Email: library@mksu.ac.ke